Una ganga (Record no. 171112)

MARC details
000 -LEADER
campo de control de longitud fija 01068nam a22002055i 4500
001 - NÚMERO DE CONTROL
campo de control 171112
003 - IDENTIFICADOR DE NÚMERO DE CONTROL
campo de control ES-MaACL
005 - FECHA Y HORA DE LA ÚLTIMA TRANSACCIÓN
campo de control 20251017063112.0
008 - DATOS DE LONGITUD FIJA--INFORMACIÓN GENERAL
campo de control de longitud fija 090429s1862 sp |||| | spa d
100 1# - ENTRADA PRINCIPAL--NOMBRE DE PERSONA
Nombre de persona Jackson Cortés, Eduardo,
Fechas asociadas al nombre 1826-1890
9 (RLIN) 128236
245 14 - MENCIÓN DEL TÍTULO
Título Una ganga
Resto del título : comedia original en un acto y en verso /
Mención de responsabilidad, etc. de Eduardo Cortés.
260 ## - PUBLICACIÓN, DISTRIBUCIÓN, ETC.
Lugar de publicación, distribución, etc. Madrid :
Nombre del editor, distribuidor, etc. [Juan Manuel Guerrero],
Fecha de publicación, distribución, etc. 1862 (
Fabricante Impr. de Cristóbal González)
300 ## - DESCRIPCIÓN FÍSICA
Extensión 35 p. ;
Dimensiones 18 cm.
490 1# - MENCIÓN DE SERIE
Mención de serie El coliseo
500 ## - NOTA GENERAL
Nota general En port.: Representada con gran aplauso en el teatro de Novedades de esta corte, en el mes de marzo de 1862.
830 0# - PUNTO DE ACCESO ADICIONAL DE SERIE-TÍTULO UNIFORME
Título uniforme El coliseo
9 (RLIN) 188992
852 ## - LOCALIZACIÓN
Ubicación ES-MaACL
Número de control de estantería F-8587(1)
Nota libre .- Enc. pasta española
condición física .- Falto de la cub. original
Nota libre .- Enc. en un vol facticio formando parte de la col. facticia "Teatro español moderno", vol. 40
852 ## - LOCALIZACIÓN
Ubicación ES-MaACL
Número de control de estantería F-8587(2)
Nota libre .- Enc. pasta española
condición física .- Falto de la cub. original
Nota libre .- Enc. en un vol facticio formando parte de la col. facticia "Teatro español moderno", vol. 40
Holdings
Estatus retirado Estado de pérdida Estado de daño No para préstamo Colección Biblioteca de origen Biblioteca actual Ubicación en estantería Fecha de adquisición Fuente de adquisición Total de préstamos Signatura topográfica completa Código de barras Visto por última vez Precio de reemplazo Tipo de ítem Koha
        Libros del s. XIX Biblioteca del Ateneo de Madrid Biblioteca del Ateneo de Madrid Sala Pecera Planta 2 29/04/2009     F-8587(2) 1179577 23/02/2023 23/02/2023 Libro impreso antiguo
        Libros del s. XIX Biblioteca del Ateneo de Madrid Biblioteca del Ateneo de Madrid Sala Pecera Planta 2 29/04/2009     F-8587(1) 1179576 23/02/2023 23/02/2023 Libro impreso antiguo